000 00314 a2200157 4500
001 175596
020 _a
040 _cMagnum
100 _aMartho, Amabis
240 1 0 _aBiologia/v.2
_lpor
245 1 0 _aBiologia/v.2
362 0 _a1899
440 1 _aModerna
697 _aMAGNITO: PARADIDATICOS
942 _cBK
999 _c175596
_d175596